Every Manchester United Goalscorer in European Competitions (2000's) - Statistics

General Stats
  • This quiz has been taken 13 times
  • The average score is 164 of 209
Answer Stats
Game Scorer % Correct
Dynamo Kyiv (A) Ferdinand
100%
AC Milan (H) | Arsenal (A) | Chelsea (N) | +10 others Ronaldo
100%
AC Milan (H) | Aalborg BK (A) | Aalborg BK (H) | +8 others Rooney
100%
Barcelona (H) | Benfica (A) | Besiktas (A) | +10 others Scholes
100%
Aalborg BK (A) | Celtic (H) Berbatov
92%
Bayern Munich (A) | Benfica (H) | Bordeaux (H) | +11 others Giggs
92%
Aalborg BK (H) | Dynamo Kyiv (H) | Lyon (A) | +3 others Tevez
92%
Basel (A) | Bayer Leverkusen (A) | Bayer Leverkusen (H) | +22 others van Nistelrooy
92%
Benfica (H) | Inter Milan (H) | Zenit Saint Petersburg (N) Vidic
92%
Boavista (A) | Deportivo La Coruna (A) | Lille (H) | +4 others Beckham
83%
Anderlecht (H) | Fiorentina (H) | Olympiacos (A) | Valencia (H) Cole
83%
Basel (H) | Lyon (H) G. Neville
83%
Rangers (A) P. Neville
83%
Basel (A) | Boavista (A) | Celtic (H) | +7 others Solskjaer
83%
Roma (H) Evra
75%
Bayer Leverkusen (A) | Bordeaux (A) | Fiorentina (H) | Sturm Graz (H) Keane
75%
Anderlecht (H) | Bordeaux (A) | Bordeaux (H) | +4 others Sheringham
67%
CSKA Moscow (A) | CSKA Moscow (H) Valencia
67%
Fiorentina (H) | PSV Eindhoven (H) Yorke
67%
Roma (H) | Wolfsburg (H) Carrick
58%
Arsenal (H) | Copenhagen (H) O'Shea
58%
Arsenal (A) Park
58%
Panathinaikos (H) | Sturm Graz (H) Butt
50%
Bayer Leverkusen (H) | Maccabi Haifa (H) | Olympiacos (A) | Olympiacos (H) Veron
50%
Boavista (A) | Boavista (H) | Juventus (H) | Olympiacos (A) Blanc
42%
CSKA Moscow (H) | Wolfsburg (A) Owen
42%
Nantes (H) | Panathinaikos (H) Silvestre
42%
Anderlecht (A) | Anderlecht (H) Irwin
33%
Lille (H) Larsson
33%
Dynamo Kyiv (H) | Roma (A) Pique
33%
Benfica (A) | Benfica (H) | Celtic (H) Saha
33%
Panathinaikos (H) Djemba-Djemba
25%
Maccabi Haifa (H) | Panathinaikos (A) | Rangers (H) Forlan
25%
Debrecen (A) Heinze
25%
Dinamo Bucuresti (H) | Roma (H) Smith
25%
Dinamo Bucuresti (H) | Fenerbahce (H) Bellion
17%
Panathinaikos (H) | Porto (A) Fortune
17%
Copenhagen (H) | Debrecen (A) Richardson
17%
No matching quizzes found
Score Distribution
Percent of People with Each Score
Percentile by Number Answered
Your Score History
You have not taken this quiz